[Event "San Cristobal de La Laguna op-A 6th"]
[White "Guerrero Orihuela, Jose Luis"]
[Black "Planas Torrea, Francisco Javier"]
[Site "San Cristobal de La Laguna"]
[Round "8"]
[Result "1-0"]
[Date "2024.08.30"]
[WhiteElo "1986"]
[BlackElo "1965"]
[PlyCount "36"]
[EventDate "2024.08.24"]
[EventType "swiss"]
[EventRounds "9"]
[EventCountry "ESP"]
[SourceTitle "CBM 221 Extra"]
[Source "ChessBase"]
[SourceDate "2024.09.30"]
[SourceVersion "1"]
[SourceVersionDate "2024.09.30"]
[SourceQuality "1"]

1. d4 Nf6 2. c4 e5 3. dxe5 Ng4 4. Nf3 Bc5 5. e3 Nc6 6. Nc3 0-0 7. Be2 Re8 8. 0-0 Ngxe5 9. Nxe5 Nxe5 10. f4 Nc6 11. Rf3 d6 12. Kh1 f5 13. a3 a5 14. b3 Be6 15. Qd3 Qe7 16. Bb2 Qf7 17. Rg3 Kh8 18. Rf1 Ne7 1-0

[Event "San Cristobal de La Laguna op-A 6th"]
[White "Planas Torrea, Francisco Javier"]
[Black "Trujillo Delgado, Dafnae Lorena"]
[Site "San Cristobal de La Laguna"]
[Round "7"]
[Result "0-1"]
[Date "2024.08.29"]
[WhiteElo "1965"]
[BlackElo "2171"]
[PlyCount "78"]
[EventDate "2024.08.24"]
[EventType "swiss"]
[EventRounds "9"]
[EventCountry "ESP"]
[SourceTitle "CBM 221 Extra"]
[Source "ChessBase"]
[SourceDate "2024.09.30"]
[SourceVersion "1"]
[SourceVersionDate "2024.09.30"]
[SourceQuality "1"]

1. e4 c5 2. c3 g6 3. d4 Qc7 4. Nf3 Bg7 5. Be3 d6 6. Bd3 Nf6 7. 0-0 0-0 8. h3 Nbd7 9. Qe2 a6 10. a4 b6 11. Nbd2 Bb7 12. Rfd1 e5 13. d5 Nh5 14. Nf1 Nf4 15. Bxf4 exf4 16. c4 h6 17. Ra3 Rae8 18. Qc2 Bc8 19. N1h2 Nf6 20. Nh4 Re7 21. Re1 Rfe8 22. Re2 Nh5 23. Qd2 Bd7 24. N4f3 Qc8 25. Re1 Nf6 26. Qxf4 g5 27. Nxg5 hxg5 28. Qxg5 Re5 29. Qf4 Nh5 30. Qf3 Rg5 31. g4 f5 32. Qe3 Bh6 33. Kh1 fxg4 34. Rg1 Qd8 35. Be2 gxh3 36. Rxg5+ Bxg5 37. Qf3 Rf8 38. Qxh5 Rf7 39. Rg3 Rg7 0-1

[Event "San Cristobal de La Laguna op-A 6th"]
[White "Calzetta Ruiz, Monica"]
[Black "Planas Torrea, Francisco Javier"]
[Site "San Cristobal de La Laguna"]
[Round "4"]
[Result "1-0"]
[Date "2024.08.26"]
[WhiteElo "2220"]
[BlackElo "1965"]
[PlyCount "120"]
[EventDate "2024.08.24"]
[EventType "swiss"]
[EventRounds "9"]
[EventCountry "ESP"]
[SourceTitle "CBM 221 Extra"]
[Source "ChessBase"]
[SourceDate "2024.09.30"]
[SourceVersion "1"]
[SourceVersionDate "2024.09.30"]
[SourceQuality "1"]

1. e4 c6 2. d4 d5 3. e5 c5 4. dxc5 e6 5. c3 Bxc5 6. Qg4 Bf8 7. Nf3 Nc6 8. Bd3 Nge7 9. 0-0 Ng6 10. Re1 Qc7 11. Qg3 Nge7 12. Na3 a6 13. Nc2 Nf5 14. Bxf5 exf5 15. Bf4 Be6 16. a4 g6 17. h4 Be7 18. b4 Rd8 19. b5 Na5 20. Ncd4 Nc4 21. Ng5 Bxg5 22. Bxg5 Rc8 23. bxa6 bxa6 24. Bf6 Rg8 25. Qg5 h5 26. Rab1 Rb8 27. Rxb8+ Qxb8 28. Be7 Qc7 29. Bb4 Qd8 30. Qh6 Kd7 31. Qf4 Qb8 32. a5 Qc7 33. Qg5 Qd8 34. Qc1 Qc7 35. Qc2 Kc8 36. f4 Kb7 37. Qf2 Ra8 38. Rb1 Kc8 39. Nb3 Qc6 40. Kh2 Qc7 41. Qd4 Kd7 42. Nc5+ Ke8 43. Nb3 Rc8 44. Qf2 Ra8 45. Qg3 Qd8 46. Nd4 Kd7 47. Bc5 Rb8 48. Nxe6 Kxe6 49. Rxb8 Qxb8 50. Qg5 Qe8 51. Qf6+ Kd7 52. Qxa6 Qd8 53. Qb5+ Kc8 54. Qc6+ Kb8 55. Bd6+ Ka7 56. Qc5+ Ka6 57. Qc6+ Ka7 58. g3 Nxa5 59. Qxd5 Nb7 60. Bc5+ Kb8 1-0

[Event "Aragon-chT Preferente Gr-II"]
[White "Planas Torrea, Francisco Javier"]
[Black "Carruez Berges, Santiago"]
[Site "Aragon"]
[Round "4.55"]
[Result "1-0"]
[Date "2020.02.15"]
[WhiteElo "2079"]
[BlackElo "1995"]
[PlyCount "91"]
[EventDate "2020.01.25"]
[EventType "team-tourn"]
[EventRounds "9"]
[EventCountry "ESP"]
[SourceTitle "EXT 2022"]
[Source "ChessBase"]
[SourceDate "2021.10.06"]
[SourceVersion "1"]
[SourceVersionDate "2021.10.06"]
[SourceQuality "1"]
[WhiteTeam "Ejea"]
[BlackTeam "Agrupacion III"]
[WhiteTeamCountry "ESP"]
[BlackTeamCountry "ESP"]

1. e4 e5 2. Nf3 Nc6 3. Bc4 Nf6 4. d3 Bc5 5. c3 d6 6. Nbd2 Bb6 7. Nf1 h6 8. Ng3 0-0 9. Qe2 Na5 10. Bb5 a6 11. Ba4 Be6 12. 0-0 c5 13. c4 Nc6 14. Bxc6 bxc6 15. Bd2 Ba5 16. Bc3 Rb8 17. Qd2 Bxc3 18. Qxc3 Nh7 19. Ne1 Qg5 20. Nf3 Qf6 21. Qa5 Bg4 22. Nd2 Ng5 23. h3 Bc8 24. Rab1 Ne6 25. Ne2 Nf4 26. Nxf4 Qxf4 27. Rfd1 f5 28. Qc7 Rb7 29. Qxd6 fxe4 30. Nxe4 Bf5 31. Qxc5 Bxe4 32. dxe4 Qxe4 33. Re1 Qc2 34. b4 Qxa2 35. Ra1 Qd2 36. Rxe5 Rxb4 37. Rf5 Rxf5 38. Qxf5 Rb6 39. Qe6+ Kh7 40. Re1 Qg5 41. Re3 Rb1+ 42. Kh2 Qf4+ 43. Rg3 Kh8 44. Qe8+ Kh7 45. Qg6+ Kh8 46. Qxg7# 1-0

[Event "Aragon-chT Preferente Gr-II"]
[White "Cebrian Valverde, Jose Antonio"]
[Black "Planas Torrea, Francisco Javier"]
[Site "Aragon"]
[Round "1.61"]
[Result "1-0"]
[Date "2020.01.25"]
[WhiteElo "2101"]
[BlackElo "2079"]
[PlyCount "73"]
[EventDate "2020.01.25"]
[EventType "team-tourn"]
[EventRounds "9"]
[EventCountry "ESP"]
[SourceTitle "EXT 2022"]
[Source "ChessBase"]
[SourceDate "2021.10.06"]
[SourceVersion "1"]
[SourceVersionDate "2021.10.06"]
[SourceQuality "1"]
[WhiteTeam "San Jose"]
[BlackTeam "Ejea"]
[WhiteTeamCountry "ESP"]
[BlackTeamCountry "ESP"]

1. d4 Nf6 2. c4 g6 3. Nc3 Bg7 4. e4 d6 5. Nf3 0-0 6. Be2 e5 7. 0-0 Nc6 8. d5 Ne7 9. b4 a5 10. bxa5 Rxa5 11. a4 Bd7 12. Ba3 b6 13. Bb4 Ra8 14. a5 bxa5 15. Bxa5 Ne8 16. Nb5 f5 17. Nd2 fxe4 18. Nxe4 Bxb5 19. cxb5 Nf5 20. Qd3 Bh6 21. Bg4 Qb8 22. Ra2 Ra7 23. Rfa1 Qa8 24. Qc4 Qb7 25. h3 Bf4 26. g3 Bh6 27. h4 Kh8 28. Qc6 Nd4 29. Qxb7 Rxb7 30. Bd7 Nf6 31. Nxf6 Rxf6 32. Bc6 Ra7 33. Bxc7 Rxc7 34. b6 Rxc6 35. dxc6 Nxc6 36. Ra8+ Kg7 37. Rc8 1-0

[Event "Aragon-chT Preferente Gr II"]
[White "Fabre Perez, Jose Maria"]
[Black "Planas Torrea, Francisco Javier"]
[Site "Aragon"]
[Round "7.69"]
[Result "1/2-1/2"]
[Date "2018.03.10"]
[WhiteElo "1943"]
[BlackElo "2029"]
[PlyCount "167"]
[EventDate "2018.01.27"]
[EventType "team-tourn"]
[EventRounds "9"]
[EventCountry "ESP"]
[SourceTitle "EXT 2019"]
[Source "ChessBase"]
[SourceDate "2018.10.10"]
[SourceVersion "1"]
[SourceVersionDate "2018.10.10"]
[SourceQuality "1"]
[WhiteTeam "Marcos Frechin II"]
[BlackTeam "Ejea"]
[WhiteTeamCountry "ESP"]
[BlackTeamCountry "ESP"]

1. c4 Nf6 2. Nc3 g6 3. g3 Bg7 4. Bg2 c5 5. a3 Nc6 6. Rb1 a5 7. Nh3 0-0 8. Nf4 d6 9. 0-0 Bd7 10. d3 Re8 11. Bd2 Rb8 12. Qc1 Nd4 13. b4 axb4 14. axb4 e5 15. Nfd5 Nxd5 16. Bxd5 cxb4 17. Rxb4 Bc6 18. Qd1 Bxd5 19. Nxd5 e4 20. Be3 Nc6 21. Rb6 exd3 22. exd3 Ne5 23. Kg2 Qd7 24. h3 Ra8 25. Qe2 Ra6 26. Rfb1 Rxb6 27. Rxb6 Ra8 28. d4 Nc6 29. Qb2 Nd8 30. Bg5 Rb8 31. Bf6 Qe6 32. Bxg7 Kxg7 33. Qd2 Qe4+ 34. f3 Qe6 35. Qe3 Nc6 36. Qd3 Ra8 37. Rb2 Ra1 38. Re2 Ra3 39. Qd2 Qf5 40. Ne3 Qf6 41. d5 Ne5 42. f4 Nd3 43. Ng4 Qf5 44. Re3 Rb3 45. Nf2 Nxf4+ 46. gxf4 Qxf4 47. Rd3 Qxc4 48. Rxb3 Qxb3 49. Qd3 Qb2 50. Kf3 b5 51. Ne4 b4 52. Ke3 f5 53. Nf2 b3 54. Nd1 Qe5+ 55. Kd2 b2 56. Kc2 Qh2+ 57. Kb1 f4 58. Nxb2 Qh1+ 59. Nd1 f3 60. Kc2 Qxh3 61. Nf2 Qg2 62. Qd4+ Kf7 63. Kd2 Qg5+ 64. Kd3 h5 65. Qa7+ Ke8 66. Qb8+ Kd7 67. Qb7+ Ke8 68. Qc8+ Kf7 69. Qe6+ Kg7 70. Qxd6 Qf5+ 71. Ke3 g5 72. Qe7+ Kg6 73. Qd6+ Kf7 74. Qc7+ Kg6 75. Ne4 Qxd5 76. Qb6+ Kg7 77. Qf6+ Kg8 78. Qg6+ Kf8 79. Qh6+ Ke7 80. Qg7+ Kd8 81. Qf8+ Kc7 82. Qe7+ Kb6 83. Qb4+ Kc7 84. Qc3+ 1/2-1/2

[Event "Aragon-chT Preferente Gr II"]
[White "Planas Torrea, Francisco Javier"]
[Black "Martinez Cebolla, Alberto"]
[Site "Aragon"]
[Round "2.65"]
[Result "1/2-1/2"]
[Date "2018.02.03"]
[WhiteElo "2029"]
[BlackElo "2087"]
[PlyCount "30"]
[EventDate "2018.01.27"]
[EventType "team-tourn"]
[EventRounds "9"]
[EventCountry "ESP"]
[SourceTitle "EXT 2019"]
[Source "ChessBase"]
[SourceDate "2018.10.10"]
[SourceVersion "1"]
[SourceVersionDate "2018.10.10"]
[SourceQuality "1"]
[WhiteTeam "Ejea"]
[BlackTeam "IberCaja II"]
[WhiteTeamCountry "ESP"]
[BlackTeamCountry "ESP"]

1. e4 e5 2. Nf3 Nc6 3. Bc4 Nf6 4. d3 Bc5 5. c3 d6 6. b4 Bb6 7. a4 a6 8. h3 h6 9. 0-0 0-0 10. Bb3 Be6 11. Bc2 Ne7 12. Be3 Ba7 13. Nbd2 Ng6 14. Qe2 c6 15. d4 Qc7 1/2-1/2

[Event "Aragon-chT Preferente A"]
[White "Fuster Garcia, Luis Miguel"]
[Black "Planas Torrea, Francisco Javier"]
[Site "Aragon"]
[Round "9.29"]
[Result "1-0"]
[Date "2016.04.02"]
[WhiteElo "2167"]
[BlackElo "2040"]
[PlyCount "81"]
[EventDate "2016.01.30"]
[EventType "team-tourn"]
[EventRounds "9"]
[EventCountry "ESP"]
[SourceTitle "EXT 2018"]
[Source "ChessBase"]
[SourceDate "2017.10.13"]
[SourceVersion "1"]
[SourceVersionDate "2017.10.13"]
[SourceQuality "1"]
[WhiteTeam "Marcos Frechin"]
[BlackTeam "Ejea"]
[WhiteTeamCountry "ESP"]
[BlackTeamCountry "ESP"]

1. e4 c6 2. Nc3 d5 3. Nf3 dxe4 4. Nxe4 Nf6 5. Qe2 Nxe4 6. Qxe4 Qd5 7. Qf4 Qf5 8. Qe3 Qe6 9. d4 Qxe3+ 10. fxe3 Bf5 11. c4 Nd7 12. Be2 e6 13. 0-0 Be7 14. Bd2 0-0 15. Bc3 Rad8 16. Ba5 Rc8 17. Rad1 g5 18. Bd3 Bg4 19. e4 e5 20. d5 cxd5 21. cxd5 Bxf3 22. Rxf3 Bc5+ 23. Kh1 b6 24. Bd2 f6 25. Bb5 Rcd8 26. Rdf1 Kg7 27. b4 Bd6 28. Rc1 Kg6 29. a3 h5 30. Rfc3 Nb8 31. g3 Rh8 32. g4 hxg4 33. Be2 f5 34. exf5+ Kf6 35. Bxg4 Rh4 36. h3 Rhh8 37. Kg2 Nd7 38. Rc6 Nb8 39. b5 Nxc6 40. Rxc6 Ke7 41. Bxg5+ 1-0

[Event "Aragon-chT Preferente A"]
[White "Palacios Herrero, Pablo"]
[Black "Planas Torrea, Francisco Javier"]
[Site "Aragon"]
[Round "3.33"]
[Result "1-0"]
[Date "2016.02.13"]
[WhiteElo "2149"]
[BlackElo "2040"]
[PlyCount "51"]
[EventDate "2016.01.30"]
[EventType "team-tourn"]
[EventRounds "9"]
[EventCountry "ESP"]
[SourceTitle "EXT 2018"]
[Source "ChessBase"]
[SourceDate "2017.10.13"]
[SourceVersion "1"]
[SourceVersionDate "2017.10.13"]
[SourceQuality "1"]
[WhiteTeam "Palacio de Pioneros"]
[BlackTeam "Ejea"]
[WhiteTeamCountry "ESP"]
[BlackTeamCountry "ESP"]

1. e4 c6 2. Nc3 d5 3. Nf3 dxe4 4. Nxe4 Bg4 5. Bc4 e6 6. h3 Bxf3 7. Qxf3 Be7 8. Qg3 g6 9. d3 Nf6 10. Bh6 Nxe4 11. dxe4 Qd4 12. Rd1 Qxe4+ 13. Be2 Na6 14. Rd2 Rd8 15. Qc3 Rg8 16. 0-0 Bb4 17. Rxd8+ Kxd8 18. Qf6+ Be7 19. Qxf7 Qxe2 20. Qxg8+ Kd7 21. Qxh7 Qh5 22. Qf7 Qxh6 23. Rd1+ Kc7 24. Qxe7+ Kb6 25. b4 Qh5 26. Rd7 1-0

[Event "Aragon-chT Preferente A"]
[White "Planas Torrea, Francisco Javier"]
[Black "Hefty Hilardo, Jorge Walter"]
[Site "Aragon"]
[Round "2.33"]
[Result "0-1"]
[Date "2016.02.06"]
[WhiteElo "2040"]
[BlackElo "2352"]
[PlyCount "158"]
[EventDate "2016.01.30"]
[EventType "team-tourn"]
[EventRounds "9"]
[EventCountry "ESP"]
[SourceTitle "EXT 2018"]
[Source "ChessBase"]
[SourceDate "2017.10.13"]
[SourceVersion "1"]
[SourceVersionDate "2017.10.13"]
[SourceQuality "1"]
[WhiteTeam "Ejea"]
[BlackTeam "IberCaja II"]
[WhiteTeamCountry "ESP"]
[BlackTeamCountry "ESP"]

1. e4 c5 2. Nf3 e6 3. d4 cxd4 4. Nxd4 a6 5. Nc3 b5 6. a3 Qc7 7. Be2 Nf6 8. 0-0 Bb7 9. Bf3 d6 10. Nb3 Be7 11. Qe2 Nbd7 12. Bf4 0-0 13. Rfd1 Rac8 14. Rd2 e5 15. Bg5 Nb6 16. Na5 Ba8 17. Rad1 Rfd8 18. h3 Nbd7 19. Nb3 h6 20. Bh4 Nb6 21. Na5 Rb8 22. Bxf6 Bxf6 23. Rd3 Nc4 24. Nxc4 bxc4 25. R3d2 Rxb2 26. Nd5 Bxd5 27. Rxd5 Bg5 28. g3 Ra2 29. h4 Be7 30. Rb1 Rxa3 31. Rb4 c3 32. Rc4 Qb6 33. Qd3 Qb1+ 34. Kg2 Qe1 35. Qd1 Qxd1 36. Rxd1 g5 37. Rc7 Kf8 38. Bh5 gxh4 39. Rd3 Ra4 40. Rf3 f6 41. Bg6 d5 42. exd5 Rxd5 43. Rfxc3 Rad4 44. Ra7 Rd7 45. Rxa6 hxg3 46. Rxg3 Rf4 47. Ra8+ Bd8 48. Bh7 Rxh7 49. Rd3 Rg7+ 50. Kf1 Kg8 51. Raxd8+ Kh7 52. R8d7 Rxd7 53. Rxd7+ Kg6 54. Rc7 h5 55. Kg2 h4 56. c4 h3+ 57. Kxh3 Rxf2 58. Kg3 Rc2 59. c5 Kf5 60. Kf3 Rc3+ 61. Ke2 Ke4 62. Kd2 Rc4 63. Rc6 f5 64. Rc8 f4 65. c6 Kf3 66. Kd3 Rc5 67. Re8 Rxc6 68. Rxe5 Rd6+ 69. Kc2 Kf2 70. Rf5 f3 71. Rf8 Ke2 72. Re8+ Kf1 73. Rf8 f2 74. Re8 Rd5 75. Re7 Kg2 76. Rg7+ Kf3 77. Rf7+ Kg3 78. Rf8 Rd4 79. Rf5 Rf4 0-1

[Event "Aragon-chT Preferente B"]
[White "Planas Torrea, Francisco Javier"]
[Black "Fernandez Rubio, Rafael"]
[Site "Aragon"]
[Round "8.65"]
[Result "1-0"]
[Date "2013.03.16"]
[WhiteElo "1996"]
[BlackElo "2062"]
[PlyCount "117"]
[EventDate "2013.01.26"]
[EventType "team"]
[EventRounds "9"]
[EventCountry "ESP"]
[SourceTitle "EXT 2014"]
[Source "ChessBase"]
[SourceDate "2013.11.20"]
[SourceVersion "1"]
[SourceVersionDate "2013.11.20"]
[SourceQuality "1"]
[WhiteTeam "Ejea"]
[BlackTeam "Tauste"]
[WhiteTeamCountry "ESP"]
[BlackTeamCountry "ESP"]

1. d4 f5 2. Nc3 Nf6 3. Bg5 e6 4. e4 fxe4 5. Nxe4 Be7 6. Bxf6 Bxf6 7. Qh5+ g6 8. Qh6 d5 9. Nxf6+ Qxf6 10. Nf3 Nc6 11. 0-0-0 a6 12. Bd3 Bd7 13. Rhe1 0-0-0 14. Qe3 Rhf8 15. Bf1 Rde8 16. Kb1 Rf7 17. Rd2 Kb8 18. Ne5 Nxe5 19. Qxe5 Qxe5 20. Rxe5 Rf5 21. Rxf5 exf5 22. Re2 Re4 23. Rxe4 dxe4 24. c4 b5 25. Kc2 Kb7 26. Kc3 Kb6 27. b4 Kc6 28. d5+ Kd6 29. Kd4 bxc4 30. Bxc4 Bb5 31. Bb3 Bf1 32. g3 g5 33. a4 Bg2 34. Bc4 f4 35. gxf4 gxf4 36. Bxa6 e3 37. fxe3 f3 38. e4 f2 39. e5+ Kd7 40. Kc5 f1Q 41. Bxf1 Bxf1 42. b5 Bd3 43. a5 Kc8 44. Kc6 Bg6 45. h4 Be8+ 46. Kc5 Kb7 47. e6 h5 48. b6 Ba4 49. bxc7 Kxc7 50. d6+ Kd8 51. a6 Bd1 52. Kb6 Bb3 53. a7 Bd5 54. Kc5 Ba8 55. Kd4 Bf3 56. Ke5 Ba8 57. Kf6 Bd5 58. Kf7 Kc8 59. Ke7 1-0

[Event "Aragon-chT Preferente B"]
[White "Planas Torrea, Francisco Javier"]
[Black "Lopez Guaita, Fernando"]
[Site "Aragon"]
[Round "5.57"]
[Result "1-0"]
[Date "2013.02.23"]
[WhiteElo "1996"]
[BlackElo "2027"]
[PlyCount "95"]
[EventDate "2013.01.26"]
[EventType "team"]
[EventRounds "9"]
[EventCountry "ESP"]
[SourceTitle "EXT 2014"]
[Source "ChessBase"]
[SourceDate "2013.11.20"]
[SourceVersion "1"]
[SourceVersionDate "2013.11.20"]
[SourceQuality "1"]
[WhiteTeam "Ejea"]
[BlackTeam "Aragon ONCE II"]
[WhiteTeamCountry "ESP"]
[BlackTeamCountry "ESP"]

1. e4 e5 2. Nf3 Qe7 3. Bc4 g6 4. Nc3 c6 5. d3 Bg7 6. Bg5 Nf6 7. Qd2 d6 8. Bh6 0-0 9. Bxg7 Kxg7 10. h3 b5 11. Bb3 Be6 12. 0-0 Nbd7 13. Ng5 Nh5 14. d4 Nf4 15. Nxe6+ fxe6 16. Ne2 Nxe2+ 17. Qxe2 exd4 18. a3 a6 19. f4 c5 20. Rad1 c4 21. Ba2 e5 22. b3 c3 23. b4 Nb6 24. Qg4 Nc4 25. Bxc4 bxc4 26. Rf2 a5 27. f5 Rf6 28. b5 a4 29. h4 Kh8 30. h5 gxh5 31. Qxh5 Rb8 32. Qe2 Qc7 33. Rb1 Qc5 34. Rb4 Rxb5 35. Rxc4 Rb1+ 36. Kh2 Re1 37. Rxc5 Rxe2 38. Rc8+ Kg7 39. Rxe2 Rf7 40. Rb8 Rc7 41. Re1 Kf6 42. Rb6 Kg5 43. Kg3 d5 44. Kf3 Rc4 45. f6 dxe4+ 46. Kxe4 Kg6 47. Rf1 d3+ 48. Kxd3 1-0

[Event "Aragon-chT Preferente B"]
[White "Planas Torrea, Francisco Javier"]
[Black "Cebrian Valverde, Jose Antonio"]
[Site "Aragon"]
[Round "1.65"]
[Result "1-0"]
[Date "2013.01.26"]
[WhiteElo "1996"]
[BlackElo "2129"]
[PlyCount "95"]
[EventDate "2013.01.26"]
[EventType "team"]
[EventRounds "9"]
[EventCountry "ESP"]
[SourceTitle "EXT 2014"]
[Source "ChessBase"]
[SourceDate "2013.11.20"]
[SourceVersion "1"]
[SourceVersionDate "2013.11.20"]
[SourceQuality "1"]
[WhiteTeam "Ejea"]
[BlackTeam "San Jose"]
[WhiteTeamCountry "ESP"]
[BlackTeamCountry "ESP"]

1. e4 e6 2. d4 d5 3. exd5 exd5 4. Bd3 Bd6 5. Ne2 Qh4 6. Nbc3 c6 7. Be3 Nf6 8. Qd2 Ng4 9. g3 Qf6 10. 0-0-0 Nxf2 11. Bxf2 Qxf2 12. Rdf1 Qg2 13. Qe3+ Kf8 14. Nf4 Bxf4 15. Qxf4 f6 16. Qd6+ Kf7 17. Qc7+ Nd7 18. Bf5 Re8 19. h4 Re3 20. Bxd7 Re7 21. Qf4 Bxd7 22. Rfg1 Qxh1 23. Rxh1 Rae8 24. g4 Kg8 25. g5 Rf7 26. Rg1 fxg5 27. Qxg5 h6 28. Qg3 a6 29. Rg2 h5 30. Rf2 Rfe7 31. Kd2 Bg4 32. Rf4 Bc8 33. Qg5 Bg4 34. Rxg4 hxg4 35. Qxg4 Rf8 36. h5 Rf6 37. b3 Kh7 38. Na4 Re4 39. Qg1 Rh4 40. Nc5 b5 41. Nxa6 Rxh5 42. Nc5 Rg6 43. Qe1 Rg2+ 44. Kc3 Rhh2 45. Qd1 g5 46. Ne6 g4 47. Qd3+ Kh8 48. Qg6 1-0

[Event "Aragon-chT Preferente Descenso"]
[White "Planas Torrea, Francisco Javier"]
[Black "Garcia Andres, Daniel"]
[Site "Aragon"]
[Round "10.41"]
[Result "1-0"]
[Date "2012.04.14"]
[WhiteElo "2007"]
[BlackElo "2008"]
[PlyCount "105"]
[EventDate "2012.02.04"]
[EventType "team-tourn"]
[EventRounds "10"]
[EventCountry "ESP"]
[SourceTitle "EXT 2014"]
[Source "ChessBase"]
[SourceDate "2013.11.20"]
[SourceVersion "1"]
[SourceVersionDate "2013.11.20"]
[SourceQuality "1"]
[WhiteTeam "Ejea"]
[BlackTeam "St Casablanca IV"]
[WhiteTeamCountry "ESP"]
[BlackTeamCountry "ESP"]

1. Nf3 d5 2. g3 Nf6 3. Bg2 g6 4. d4 Bg7 5. 0-0 0-0 6. c3 Nbd7 7. Re1 Re8 8. Nbd2 e5 9. dxe5 Nxe5 10. Nxe5 Rxe5 11. Nf3 Re8 12. Bg5 c6 13. Qb3 Qd6 14. Rad1 Ne4 15. Bf4 Qf6 16. Be3 g5 17. Nd2 Nd6 18. Bd4 Qh6 19. Bxg7 Kxg7 20. Qb4 a5 21. Qa4 b5 22. Qd4+ Qf6 23. Qc5 Bb7 24. e4 Re5 25. exd5 cxd5 26. Rxe5 Qxe5 27. Nf3 Qf6 28. Nxg5 Nc4 29. Qxb5 Ba6 30. Qxd5 Nxb2 31. Ne4 Qe7 32. Qxa8 Bb7 33. Qa7 Nxd1 34. Qd4+ f6 35. Qxd1 Bxe4 36. Qe1 f5 37. f3 Qc5+ 38. Qf2 Qxf2+ 39. Kxf2 Bd5 40. a3 Kf6 41. f4 Bb3 42. Ke3 Ke6 43. Kd4 Kd6 44. c4 Bc2 45. c5+ Kc7 46. Ke5 a4 47. h4 h5 48. Bh3 Kc6 49. Bxf5 Bb3 50. Kd4 Bf7 51. Be4+ Kb5 52. f5 Be8 53. f6 1-0

[Event "Aragon-chT Preferente A"]
[White "Planas Torrea, Francisco Javier"]
[Black "Antonano Fedz Quincoces, Avelino"]
[Site "Aragon"]
[Round "8.37"]
[Result "0-1"]
[Date "2012.03.24"]
[WhiteElo "2007"]
[BlackElo "2127"]
[PlyCount "44"]
[EventDate "2012.02.04"]
[EventType "team"]
[EventRounds "9"]
[EventCountry "ESP"]
[SourceTitle "EXT 2014"]
[Source "ChessBase"]
[SourceDate "2013.11.20"]
[SourceVersion "1"]
[SourceVersionDate "2013.11.20"]
[SourceQuality "1"]
[WhiteTeam "Ejea"]
[BlackTeam "St Casablanca III"]
[WhiteTeamCountry "ESP"]
[BlackTeamCountry "ESP"]

1. d4 e6 2. c4 f5 3. Nc3 Nf6 4. Nf3 Bb4 5. Bg5 Bxc3+ 6. bxc3 0-0 7. e3 Qe8 8. Bxf6 Rxf6 9. g3 d6 10. Bg2 Nc6 11. 0-0 e5 12. Qb3 Kh8 13. Nd2 f4 14. exf4 exf4 15. Rae1 Qh5 16. Qd1 Bg4 17. f3 Rh6 18. gxf4 Qxh2+ 19. Kf2 Bh3 20. Rg1 Rg6 21. d5 Bxg2 22. dxc6 Bf1+ 0-1

[Event "Aragon-chT Preferente A"]
[White "Dominguez Bujeda, Jesus"]
[Black "Planas Torrea, Francisco Javier"]
[Site "Aragon"]
[Round "3.37"]
[Result "1-0"]
[Date "2012.02.18"]
[WhiteElo "2127"]
[BlackElo "2007"]
[PlyCount "65"]
[EventDate "2012.02.04"]
[EventType "team"]
[EventRounds "9"]
[EventCountry "ESP"]
[SourceTitle "EXT 2014"]
[Source "ChessBase"]
[SourceDate "2013.11.20"]
[SourceVersion "1"]
[SourceVersionDate "2013.11.20"]
[SourceQuality "1"]
[WhiteTeam "Teruel"]
[BlackTeam "Ejea"]
[WhiteTeamCountry "ESP"]
[BlackTeamCountry "ESP"]

1. d4 d5 2. c4 e6 3. Nc3 Nf6 4. cxd5 exd5 5. Bg5 Be7 6. e3 b6 7. Bd3 Bb7 8. Qc2 h6 9. Bh4 Nbd7 10. f3 c5 11. Nge2 0-0 12. 0-0 Re8 13. Kh1 Nh5 14. Bf2 a6 15. Rad1 c4 16. Bf5 b5 17. g4 Nhf6 18. Rg1 g5 19. Ng3 Nf8 20. Kg2 Bd6 21. Nce2 Kg7 22. Rh1 Ng6 23. Bxg6 fxg6 24. h4 Qc7 25. h5 gxh5 26. Nf5+ Kf8 27. Nxh6 h4 28. Qg6 Re6 29. Qxg5 Ke8 30. Rxh4 Kd7 31. Nf5 Rg8 32. Rh7+ Be7 33. Rxe7+ 1-0

[Event "ESP Autonomico-chT"]
[White "Salamero Pelay, Fernando"]
[Black "Planas Torrea, Francisco Javier"]
[Site "Spain"]
[Round "6.61"]
[Result "1-0"]
[Date "2006.03.11"]
[WhiteElo "2172"]
[BlackElo "2017"]
[PlyCount "119"]
[EventDate "2006.02.04"]
[EventType "team-tourn"]
[EventRounds "9"]
[EventCountry "ESP"]
[SourceTitle "EXT 2007"]
[Source "ChessBase"]
[SourceDate "2006.11.23"]
[SourceVersion "1"]
[SourceVersionDate "2006.11.23"]
[SourceQuality "1"]

1. b3 Nf6 2. Bb2 g6 3. c4 Bg7 4. g3 0-0 5. Bg2 c5 6. d4 cxd4 7. Qxd4 Nc6 8. Qd2 d6 9. Nc3 Qb6 10. Nh3 Bxh3 11. Bxh3 Qd4 12. Qxd4 Nxd4 13. 0-0-0 Ne6 14. Nd5 Nxd5 15. Rxd5 Bxb2+ 16. Kxb2 Rac8 17. Rhd1 Rc7 18. e4 Nc5 19. f3 Rb8 20. a4 a6 21. Bf1 Rbc8 22. a5 Nd7 23. Bh3 Nf6 24. Bxc8 Nxd5 25. exd5 Rxc8 26. Kc3 Kf8 27. Rd4 g5 28. Kd3 f5 29. g4 fxg4 30. Rxg4 h6 31. h4 gxh4 32. Rg6 Ke8 33. Rxh6 Kd7 34. Rxh4 Rg8 35. Rh2 Rg1 36. Rb2 Ra1 37. b4 Ra3+ 38. Ke4 Rc3 39. c5 dxc5 40. bxc5 Rxc5 41. Rxb7+ Kd8 42. Ke5 Rxa5 43. Ke6 Rb5 44. Rd7+ Kc8 45. Rxe7 Rb3 46. f4 Re3+ 47. Kd6 Rf3 48. Re4 Rf1 49. Ke7 Rh1 50. Rc4+ Kb7 51. f5 Rh7+ 52. Ke6 Rh1 53. f6 Re1+ 54. Kd7 Rf1 55. Rc6 a5 56. Ke7 Rd1 57. Rd6 a4 58. f7 a3 59. f8Q a2 60. Rd7+ 1-0

[Event "ESP Autonomico-chT"]
[White "Argueso Pascual, Jorge"]
[Black "Planas Torrea, Francisco Javier"]
[Site "Spain"]
[Round "4.53"]
[Result "1/2-1/2"]
[Date "2006.02.25"]
[WhiteElo "1966"]
[BlackElo "2017"]
[PlyCount "119"]
[EventDate "2006.02.04"]
[EventType "team-tourn"]
[EventRounds "9"]
[EventCountry "ESP"]
[SourceTitle "EXT 2007"]
[Source "ChessBase"]
[SourceDate "2006.11.23"]
[SourceVersion "1"]
[SourceVersionDate "2006.11.23"]
[SourceQuality "1"]

1. d4 Nf6 2. Nf3 g6 3. c4 Bg7 4. Nc3 d6 5. e4 Nbd7 6. Be2 0-0 7. 0-0 e5 8. Re1 Re8 9. Bf1 Nh5 10. Be3 Nf4 11. Qd2 Ne6 12. d5 Nef8 13. Qc2 Nf6 14. h3 Nh5 15. c5 a6 16. cxd6 cxd6 17. Na4 Nd7 18. Rac1 Bf8 19. b4 b5 20. Nb2 Nb6 21. a4 Bd7 22. a5 Rc8 23. Qd2 Na8 24. Rxc8 Bxc8 25. Rc1 Bd7 26. g4 Qf6 27. Ne1 Nf4 28. Nbd3 g5 29. Bxf4 gxf4 30. f3 Kh8 31. Qf2 Be7 32. Qa7 Rd8 33. Qxa6 h5 34. Rc2 Kg7 35. Qa7 hxg4 36. hxg4 Qg6 37. Rg2 Bh4 38. Nf2 Bg3 39. Bd3 Qh6 40. Kf1 Qh4 41. Ke2 Kf6 42. Qa6 Ke7 43. Qa7 Qh8 44. Bxb5 Qe8 45. Bc6 Kf8 46. Nh1 Bxe1 47. Rh2 Kg7 48. Kxe1 Bxc6 49. dxc6 Qxc6 50. Rd2 Qc1+ 51. Rd1 Qc3+ 52. Ke2 Qxb4 53. Qe7 Qxa5 54. Qg5+ Kf8 55. Qh6+ Ke7 56. Qg5+ Ke8 57. Qg8+ Ke7 58. Qg5+ Ke8 59. Qg8+ Ke7 60. Qg5+ 1/2-1/2